El amigo piedra: autobiografía
Saved in:
| Hovedforfatter: | |
|---|---|
| Format: | Bog |
| Sprog: | spansk |
| Udgivet: |
Santiago
Ediciones Biblioteca Nacional
2019
|
| Udgivelse: | 1a. ed |
| Serier: | Biblioteca Nacional, 10
|
| Fag: | |
| Tags: |
Tilføj Tag
Ingen Tags, Vær først til at tagge denne postø!
|
MARC
| LEADER | 00000cam a2200000 a 4500 | ||
|---|---|---|---|
| 001 | UCC9452 | ||
| 003 | CL-VaPUC | ||
| 008 | 190927e20190000cl |||||||||||||||||spa|d | ||
| 020 | |a 9789562444323 | ||
| 082 | 0 | 4 | |a 808.883 |b ROK |2 21 |
| 100 | |a Rokha, Pablo de |e autor |9 506833 | ||
| 245 | 1 | 3 | |a El amigo piedra: autobiografía |
| 250 | |a 1a. ed | ||
| 300 | |a 500 p | ||
| 942 | |c BK | ||
| 945 | |d 20190927 15:31:00 |a dcastane | ||
| 260 | |a Santiago |b Ediciones Biblioteca Nacional |c 2019 | ||
| 600 | 0 | 7 | |a DIAZ LOYOLA, CARLOS |2 CL-VaPUC |9 558373 |
| 650 | 0 | |a Autobiografías |9 265171 | |
| 650 | 0 | |a Poesía chilena |9 268403 | |
| 650 | 0 | |a Literatura chilena |9 308278 | |
| 650 | 0 | |a Poetas chilenos |9 326722 | |
| 583 | |a last modification |c 20190927 15:31:00 |k Rodrigo Vera | ||
| 490 | 0 | |a Biblioteca Nacional, 10 | |
| 999 | |c 375633 |d 375631 | ||
| 952 | |0 0 |1 0 |3 erb |4 0 |6 808_883000000000000_ROK_2019 |7 0 |8 A |9 494640 |a BIBART |b BIBART |i 5605865 |l 1 |o 808.883 ROK 2019 |p 5605865 |r 2025-03-13 |s 2023-08-28 |w 2019-11-24 |y BK |z Catalogado en:20190927 |k ART | ||